Responses for show #6624 - Thursday, June 6, 2013

Contestants

Lauren Hopkins Karcz, a language test developer from Atlanta, Georgia

Greg Draves, an MBA student from New York, New York

Jonathan Van Balen, an international marketing specialist from Lexington, Kentucky (whose 1-day cash winnings total $12,201)

Jeopardy! Round responses

GEORGE WASHINGTON
CLIPS
LISTED ON THE NEW YORK STOCK EXCHANGE
BODY QUOTES
WATCH THOSE RATS & MICE
THEY'RE AFTER THE "CHEE"s
    $200 6
surveyor

Lauren
    $200 21
buzzsaw

Greg
    $200 14
Six Flags

Greg
    $200 11
banjo on my knee

Jonathan
    $200 22
Mickey Mouse

Greg
    $200 1
Cheetos

Lauren
    $400 7
New York City

Jonathan
    $400 30
mushroom

Jonathan
    $400 15
Brink's

Greg
    $400 12
hearts

Jonathan
    $400 23
Tom & Jerry

Lauren
    $400 2
Cheech & Chong

Jonathan
    $600 8
war

Jonathan
    $600 29
(Jonathan: What is a seagull?)

albatross

JonathanGreg
    $600 16
Abercrombie & Fitch

Jonathan
    $600 13
hands

Greg
    $600 24
Ratatouille

Lauren
    $600 3
cheerleading

Jonathan
    $800 9
French

Lauren
    $800 28
barnstorming

Jonathan
    $800 17
Western Union

Jonathan
    $800 19
loose lips

Jonathan
    $800 25
Down Under

Lauren
    $800 4
John Cheever

Lauren
    $1000 10
Mount Vernon

Jonathan
    $1000 27
(Samuel) Alito

Jonathan
    $1000 18
McAfee

Lauren
    $1,200 20
(Jonathan: What is The Wizard of Oz?)

Cyrano de Bergerac

Jonathan
    $1000 26
Ben

Greg
    $1000 5
cheek

Jonathan

Scores at the first commercial break (after clue 15):

Jonathan Greg Lauren
$4,600 $1,200 $2,000

Scores at the end of the Jeopardy! Round:

Jonathan Greg Lauren
$7,200 $3,200 $4,800

Double Jeopardy! Round responses

BODIES OF WATER
SCIENCE IN SPORTS
POLITICAL JARGON
POP HIT MISSING LINKS
AFRICAN-AMERICAN AUTHORS
"GR"8 WORDS
(Alex: Each correct response will begin with a "G-R", and the word itself will be of 8 letters only.)
    $400 11
The Great Lakes

Jonathan
    $400 26
Newton

Jonathan
    $400 16
The Situation Room

Lauren
    $400 6
girl

Greg
    $400 20
(Jonathan: What is New York City?)

Chicago

Jonathan
Triple Stumper
    $400 1
gridiron

Lauren
    $800 12
Yangtze

Lauren
    $800 27
friction

Jonathan
    $800 17
soccer moms

Lauren
    $800 7
mind

Greg
    $800 21
exhale

Lauren
    $800 2
graphite

Greg
    $1200 13
Bay of Pigs

Greg
    $1200 28
putter

Greg
    $1200 18
First Lady of the United States

Jonathan
    $1200 8
radio

Lauren
    $3,000 22
(Lauren: Who is Ella Fitzgerald?)

Billie Holiday

Lauren
    $1200 3
grappler

Greg
    $1600 14
(Jonathan: What is the Tyrrhenian?)

Aegean Sea

JonathanGreg
    $1600 30
(Jonathan: What is centripetal force?)
[Greg's response of wind resistance was originally ruled incorrect, but was reversed just before Final Jeopardy!]

pressure (or wind resistance)

JonathanGreg
    $1600 19
Bork

Lauren
    $1600 9
heaven

Lauren
    $1600 23
(Jonathan: Who is Toni Morrison?)

Alice Walker

JonathanLauren
    $1600 4
(Lauren: What is grandiose?)

grandeur

GregLauren
    $2000 15
Peace River

Jonathan
    $2000 29
parabola

Greg
    $2,000 25
majority minority

Lauren
    $2000 10
day

Jonathan
    $2000 24
Cornel West

Triple Stumper
    $2000 5
(Jonathan: What is gravity?)

gravitas

JonathanGreg

Scores at the end of the Double Jeopardy! Round:

Jonathan Greg Lauren
$6,800 $17,600 $11,400

[wagering suggestions for these scores]

Final Jeopardy! Round responses

AMERICANA
JonathanWhat is Cracker Jack? Cap'n Crunch
$5,783
LaurenWhat is Cracker Jack?
$7,000
GregWhat is Cap'n Crunch?
$5,200
Cap'n Crunch

Final scores:

Jonathan Greg Lauren
$12,583 $22,800 $4,400
2nd place: $2,000 New champion: $22,800 3rd place: $1,000

Game dynamics:

Coryat scores:

Jonathan Greg Lauren
$8,000 $17,600 $14,400
20 R,
7 W
(including 1 DD)
18 R,
0 W
18 R
(including 1 DD),
2 W
(including 1 DD)

Combined Coryat: $40,000

The J! Archive is created by fans, for fans. The Jeopardy! game show and all elements thereof, including but not limited to copyright and trademark thereto, are the property of Jeopardy Productions, Inc. and are protected under law. This website is not affiliated with, sponsored by, or operated by Jeopardy Productions, Inc. Join the discussion at JBoard.tv.